000 00344nam a2200145 i 4500
001 bg
100 1 _aSUFFCZYŃSKI, Maciej
245 0 _aElektrodynamika /
_cMaciej Suffczyński.
250 _aWyd.3 popr. i uzup.
260 _aWarszawa,
_c1978.
040 _cBPK
041 _apol
942 _cKS
008 s pl f |000 0 pol
999 _c27894
_d27894
856 _uhttp://koha.tu.koszalin.pl/cgi-bin/koha/opac-detail.pl?biblionumber=27894
_yKatalog online BPK